Your Christian wedding. (Record no. 14690)

000 -LEADER
fixed length control field 00540nam a2200181 a 4500
001 - CONTROL NUMBER
control field :::00012523$&:&@@
003 - CONTROL NUMBER IDENTIFIER
control field OkBaRHE
005 - DATE AND TIME OF LATEST TRANSACTION
control field 20000607103420.0
008 - FIXED-LENGTH DATA ELEMENTS--GENERAL INFORMATION
fixed length control field s1966 j 000 0 eng u
040 ## - CATALOGING SOURCE
Transcribing agency
100 1# - MAIN ENTRY--PERSONAL NAME
Personal name Swadley, Elizabeth.
245 10 - TITLE STATEMENT
Title Your Christian wedding.
260 ## - PUBLICATION, DISTRIBUTION, ETC. (IMPRINT)
Place of publication, distribution, etc Nashville, TN., :
Name of publisher, distributor, etc Broadman Press
Date of publication, distribution, etc c1966
300 ## - PHYSICAL DESCRIPTION
Extent 138 p. : illus. ;
Dimensions 21 cm.
650 ## - SUBJECT ADDED ENTRY--TOPICAL TERM
Topical term or geographic name as entry element Wedding Etiquette
942 ## - ADDED ENTRY ELEMENTS (KOHA)
Source of classification or shelving scheme
Koha item type Books
Copies
Date last seen Permanent Location Copy number Shelving location Damaged status Withdrawn status Source of classification or shelving scheme Barcode Price effective from Date acquired Full call number Not for loan Lost status Koha item type
2010-04-14RHEMA Bible Training College1General Stacks   125232010-04-142010-04-14HQ 745 .S9  Books